Virgin soil upturned A novel in two bookd : Volume six Vol.2
保存先:
| 第一著者: | |
|---|---|
| フォーマット: | 図書 |
| 言語: | English |
| 出版事項: |
Moscow
Raduge Publishers
1984
|
| 主題: | |
| タグ: |
タグ追加
タグなし, このレコードへの初めてのタグを付けませんか!
|
| Thư viện lưu trữ: | Trung tâm Học liệu Lê Vũ Hùng, Trường Đại học Đồng Tháp |
|---|
| LEADER | 00719pam a22002298a 4500 | ||
|---|---|---|---|
| 001 | 00025504 | ||
| 005 | 20171026081022.0 | ||
| 008 | 110805s1984 ||||||engsd | ||
| 041 | 0 | # | |a eng |
| 082 | 1 | # | |a 891.73 |b V300R |
| 100 | 1 | # | |a Sholokhov, Mikhail |d 1905 - |
| 245 | 1 | 0 | |a Virgin soil upturned |b A novel in two bookd : Volume six |c Mikhail Sholokhov |n Vol.2 |
| 260 | # | # | |a Moscow |b Raduge Publishers |c 1984 |
| 300 | # | # | |a 437 p. |c 17 cm. |
| 650 | |a Liên xô | ||
| 650 | |a Văn học hiện đại | ||
| 650 | |a Truyện ngắn | ||
| 852 | # | # | |b Kho đọc |j KD.0008710 |
| 852 | # | # | |j KD.0008710 |
| 910 | |d 05/08/2011 | ||
| 980 | # | # | |a Trung tâm Học liệu Lê Vũ Hùng, Trường Đại học Đồng Tháp |